Ngôn ngữ trong xã hội công nghiệp hóa
Tập sách chọn dịch các bài nghiên cứu của các học giả trên thế giới viết về chính sách ngôn ngữ của các quốc gia trên con đường công nghiệp hóa đất nước.
Bewaard in:
| Hoofdauteur: | |
|---|---|
| Formaat: | Boek |
| Taal: | Undetermined |
| Gepubliceerd in: |
Hà Nội
Khoa học - Xã hội
1996
|
| Onderwerpen: | |
| Tags: |
Voeg label toe
Geen labels, Wees de eerste die dit record labelt!
|
| Thư viện lưu trữ: | Trung tâm Học liệu Trường Đại học Cần Thơ |
|---|
| LEADER | 00798nam a2200193Ia 4500 | ||
|---|---|---|---|
| 001 | CTU_12351 | ||
| 008 | 210402s9999 xx 000 0 und d | ||
| 082 | |a 410 | ||
| 082 | |b V305 | ||
| 100 | |a Nguyễn, Huy Cẩn | ||
| 245 | 0 | |a Ngôn ngữ trong xã hội công nghiệp hóa | |
| 245 | 0 | |c Nguyễn Huy Cẩn | |
| 260 | |a Hà Nội | ||
| 260 | |b Khoa học - Xã hội | ||
| 260 | |c 1996 | ||
| 520 | |a Tập sách chọn dịch các bài nghiên cứu của các học giả trên thế giới viết về chính sách ngôn ngữ của các quốc gia trên con đường công nghiệp hóa đất nước. | ||
| 650 | |a Language and languages | ||
| 904 | |i Qhieu swar | ||
| 980 | |a Trung tâm Học liệu Trường Đại học Cần Thơ | ||